zpět

Detail výsledku týmu

Auto Da Fé speciál, Kladno

Datum a čas kvízu

39 Celkem bodů Celkový počet nahraných bodů na tomto kvízu bez doplňovacích otázek.
6. Pořadí na kvízu Konečné umístění týmu na tomto kvízu.

Zaznamenané odpovědi

# Otázka Odpověď Body Výsledky
1. Kterou budovu jsme začernili v... 0
2. Ve 20. epizodě 21. série se mí... 0
3. "Sakrafix, zabil jsi rodinu Si... 1
4. Kdo z pěti Simpsonů sedává pře... 1
5. Která známá kapela nahrála v r... 1
6. Matta Groeninga představovat j... 1
7. V historii seriálu došlo i k o... 1
8. Firma 20th Century Fox vyhlási... 0
9. Simpsonovi jsou fenoménem, kte... 1
10. Ve třetím díle druhé série Sim... 1